00840nam a22002411a 450000100060000000300080000600500170001400800410003103500190007204000310009104100080012205100280013008200230015810000230018124500620020426000450026630000270031149000930033850400410043165100310047283000200050383000750052325010BD-RjUL20211209050822.0140316s1967 mdub b 001 0 eng d a(BD-RjUL)25079 aLCbengcLCdVMOUdBD-RjUL aeng aDS247.Y48bW38cCopy 2.04a953.3205bWEM 19671 aWenner, Manfred W.10aModern Yemen, 1918-1966, 1918-1966cby Manfred W. Wenner. aBaltimore :bJohns Hopkins Press,c1967. a257 p. :bmap.c24 cm.1 aJohns Hopkins University. Studies in historical and political science, ser. ;v85, no. 1 aBibliography: p. 234-248. and index. 0aYemen (Republic)xHistory. 0vser. 85, no. 1. 0aJohns Hopkins University studies in historical and political science ;